000 00554nam a2200193Ia 4500
003 GCL
008 140319s9999 xx 000 0 ara d
040 _aGCL /
_cGCL
082 0 4 _a551.5
_bح ا
100 1 _aحسين زهدى
245 1 0 _aالارصاد الجوية ونظرة الى المستقبل /
_cحسين زهدى
300 _a127 ص
490 _aالعلم والحياة
_v0
650 0 4 _aالمناخ
650 0 4 _aالطقس
650 0 4 _aالارصاد الجوية
650 0 4 _aالتنبؤات الجوية
942 _2ddc
_cBK
999 _c51896
_d51896